1258 1186 1413 1584 1513 1887 1697 1038 1281 1012 1977 1067 1234 1565 1380 1621 1025 1005 1775 1731 1630 1206 1654 1552 1825 1948 1418 1157 1150 1149 1989 1168 1577 1452 1765 1640 1801 1721 1091 1389 1838 1717 1351 1908 1597 1031 1827 1599 1374 1756 1233 1533 1242 1489 1527 1249 1214 1620 1840 1067 1584 1021 1299 1814 1671 1812 1966 1939 1599 1541 1306 1491 1756 1086 1638 1032 1252 1632 1675 1224 1014 1251 1381 1186 1618 1106 1517 1444 1708 1870 1684 1568 1957 1488 1644 1979 1749 1638 1420 BCNSPRNW ULIB Ver.6.0+V

เปลี่ยนเป็นภาษาไทย

Change to English
 แสดงรายละเอียดบรรณานุกรม
  กลับหน้าหลัก

Brief Record : Get Marc (ISO 2709) : E-mail record : QR code < ปิดหน้าต่าง
LEADER : 00000nam 2200000uu 4500
001    13399127762
003     ULIB
008    210824s2563||||th 000 0 tha d
020    ^a9786165683234
060  0 ^aWK815^bช191ก
100 0  ^aชยพล ศิรินิยมชัย
245 00 ^aการจัดการเท้าเบาหวาน: ศาสตร์และศิลป์ทางการพยาบาล/^cชยพล ศิรินิยมชัย
246 00 ^aManagement of diabetic foot: art and science of nursing
250    ^aพิมพ์ครั้งที่ 1
260    ^aเชียงใหม่:^bคณะพยาบาลศาสตร์แมคคอร์มิค มหาวิทยาลัยพายัพ,^c2563
650  0 ^aเบาหวาน
650  0 ^aเท้า
856    ^a^zสารบัญ^uhttps://drive.google.com/file/d/19Z4XBuLjdlVt3_FlpOQmG1-TwvT3KEsJ/view?usp=sharing
945    ^p360^l0^i008064
945    ^p360^l0^i008065
945    ^p360^l0^i008066
999    ^aประนอม เกษจรัล
รายการนี้ยังไม่มีแท็ก
คุณยังไม่ได้ล็อกอิน คุณสามารถมีกิจกรรมร่วมกับเว็บไซต์ได้ แต่ต้องล็อกอินก่อน ::
  ล็อกอิน

รายการสื่อสารสนเทศ

ลำดับที่ ประเภท เลขเรียก/บาร์โค้ด สถานที่ สถานะ
1. วิทยาศาสตร์การแพทย์ และสุขภาพ
หนังสือสำรอง
สถานะ=หนังสือสำรอง
WK815 ช191ก ฉ.1 
  Barcode: 008064
ห้องสมุดวิทยาเขตสวรรค์ประชารักษ์
►หนังสือทั่วไป
บนชั้น
2. วิทยาศาสตร์การแพทย์ และสุขภาพ
วิทยาศาสตร์การแพทย์ และสุขภาพ
WK815 ช191ก ฉ.2 
  Barcode: 008065
ห้องสมุดวิทยาเขตสวรรค์ประชารักษ์
►หนังสือทั่วไป
บนชั้น
3. วิทยาศาสตร์การแพทย์ และสุขภาพ
วิทยาศาสตร์การแพทย์ และสุขภาพ
WK815 ช191ก ฉ.3 
  Barcode: 008066
ห้องสมุดวิทยาเขตสวรรค์ประชารักษ์
►หนังสือทั่วไป
บนชั้น

รายการใกล้เคียง
    ผู้แต่ง [ชยพล ศิรินิยมชัย]

    หัวเรื่อง [เบาหวาน]
    หัวเรื่อง [เท้า]

BibComment


ยังไม่เคยถูกคอมเมนท์

คอมเมนท์ทรัพยากรรายการนี้
  คอมเมนท์: การจัดการเท้าเบา..


 Copyright 2026. Bcnsprnw @Library